Agatha Christie Novels Quiz Stats

 Plays Quiz Updated Mar 24, 2016

Score 0/66 Timer 12:00
7 Plays Today
Novel % Correct
Murder on the Orient Express
87.9%
And Then There Were None
77%
Death on the Nile
76.3%
The Murder of Roger Ackroyd
68.1%
The A.B.C. Murders
67.4%
The Mysterious Affair at Styles
66.7%
Curtain
65.3%
The Body in the Library
63.9%
The Mirror Crack'd from Side to Side
63.6%
The Murder at the Vicarage
62.5%
The Murder on the Links
60.2%
Nemesis
59.6%
Death in the Clouds
59.5%
Murder in Mesopotamia
59.2%
4.50 from Paddington
58.2%
N or M?
57.8%
A Murder is Announced
57.5%
Evil Under the Sun
57.1%
A Caribbean Mystery
55.8%
The Mystery of the Blue Train
55.4%
Sleeping Murder
55.3%
Sparkling Cyanide
55.3%
One, Two, Buckle My Shoe
55.2%
They Do It with Mirrors
55%
The Big Four
54.6%
The Man in the Brown Suit
54.5%
Hickory Dickory Dock
54.3%
Five Little Pigs
54.2%
Cards on the Table
54%
Hercule Poirot's Christmas
53.9%
At Bertram's Hotel
53.7%
Why Didn't They Ask Evans?
53.7%
Hallowe'en Party
53.6%
Novel % Correct
Third Girl
53.5%
The Clocks
53.3%
Elephants Can Remember
53.2%
Cat Among the Pigeons
53.2%
Lord Edgware Dies
53.1%
A Pocket Full of Rye
53%
Peril at End House
52.7%
By the Pricking of My Thumbs
51.5%
Mrs. McGinty's Dead
51.5%
The Moving Finger
51.3%
Sad Cypress
50.1%
Dumb Witness
49.9%
The Pale Horse
49.8%
After the Funeral
49.1%
The Hollow
48.5%
Murder is Easy
48.4%
Appointment with Death
48%
The Seven Dials Mystery
47.8%
Three Act Tragedy
47%
Dead Man's Folly
46.7%
Towards Zero
46.3%
The Secret Adversary
46.3%
The Secret of Chimneys
45.7%
Death Comes as the End
45.4%
Crooked House
45.3%
Taken at the Flood
44.9%
The Sittaford Mystery
44.5%
Postern of Fate
44.4%
They Came to Baghdad
44.3%
Endless Night
44.1%
Passenger to Frankfurt
42.2%
Ordeal by Innocence
41.6%
Destination Unknown
36.6%

You're not logged in!

Compare scores with friends on all Sporcle quizzes.
OR
Log In

Sporcle TV

Today on Sporcle TV


Watch our educational content, quiz creation guides, and fun videos on Sporcle TV.

Show Comments

Extras

Top Quizzes Today


Score Distribution

Your Account Isn't Verified!

In order to create a playlist on Sporcle, you need to verify the email address you used during registration. Go to your Sporcle Settings to finish the process.

Report this User

Report this user for behavior that violates our Community Guidelines.

Details: